| 000 | 00772nam a2200265 i 4500 | ||
|---|---|---|---|
| 001 | 188697 | ||
| 003 | ES-MaACL | ||
| 005 | 20230906223259.0 | ||
| 008 | 190129s1976 sp |||| | spa d | ||
| 020 | _a84-345-1372-2 | ||
| 080 | _a616.155.19 | ||
| 080 | _a616.15 | ||
| 245 | 0 | 0 |
_aHemoglobinas anormales / _cdirector, D. J. Weatherall. |
| 260 |
_aBarcelona [etc.] : _bSalvat, _cimp. 1976. |
||
| 300 |
_aXI, 364 p. ; _c25 cm. |
||
| 490 | 1 |
_aClínica hematológica ; _v2/2 |
|
| 500 | _aÍndice. | ||
| 504 | _aBibliografía. | ||
| 650 | 0 | 4 |
_aSangre- _xEnfermedades. _916982 |
| 650 | 4 |
_aHematología. _913300 |
|
| 700 | 0 |
_aWeatherall, D. J. _9116228 |
|
| 830 | 0 |
_aClínica hematológica ; _v2/2 _9187616 |
|
| 852 |
_aES-MaACL _jP-372 |
||
| 999 |
_c188697 _d188697 |
||